00423 2200169 4500001002100000008004100021035002000062245003200082100001400114260003700128300001100165020002200176084001700198082000800215650001200223990001800235INLIS000000000000927 ind  a0010-0724000927 aGurun Dan GunungcL. Colvin aL. Colvin aJakartabGading inti primac2009 a53 hlm a978-979-3846-97-2 a551.46 COL g a551 aGeologi aP29/CP/24/927